<?xml version="1.0" encoding="UTF-8"?>
<record
    xmlns:xsi="http://www.w3.org/2001/XMLSchema-instance"
    xsi:schemaLocation="http://www.loc.gov/MARC21/slim http://www.loc.gov/standards/marcxml/schema/MARC21slim.xsd"
    xmlns="http://www.loc.gov/MARC21/slim">

  <leader>00617nam a2200169   4500</leader>
  <controlfield tag="003">LK-CoDNM</controlfield>
  <controlfield tag="005">20240119113145.0</controlfield>
  <controlfield tag="008">240119b        |||||||| |||| 00| 0 eng d</controlfield>
  <datafield tag="020" ind1=" " ind2=" ">
    <subfield code="a">9786240020190</subfield>
  </datafield>
  <datafield tag="040" ind1=" " ind2=" ">
    <subfield code="a">LK-CoDNM</subfield>
    <subfield code="d">LK-CoDNM</subfield>
    <subfield code="e">LK-CoDNM</subfield>
  </datafield>
  <datafield tag="080" ind1=" " ind2=" ">
    <subfield code="a">294.3</subfield>
    <subfield code="b">DIS</subfield>
  </datafield>
  <datafield tag="100" ind1=" " ind2=" ">
    <subfield code="a">&#xDAF;&#xDD2;&#xDC3;&#xDCF;&#xDB1;&#xDCF;&#xDBA;&#xD9A;,&#xDC3;&#xDD4;&#xDC3;&#xDD3;&#xDBD;&#xDCF; &#xDB1;&#xDCF;&#xDBD;&#xDD2;&#xDB1;&#xDD3;</subfield>
  </datafield>
  <datafield tag="245" ind1=" " ind2=" ">
    <subfield code="a">&#xDB1;&#xDD2;&#xDBB;&#xDCA;&#xDC0;&#xDCF;&#xDAB;&#xD9C;&#xDCF;&#xDB8;&#xDD2;&#xDD2; &#xDA2;&#xDD3;&#xDC0;&#xDB1; &#xDB4;&#xDCA;&#x200D;&#xDBB;&#xDAD;&#xDD2;&#xDB4;&#xDAF;&#xDCF;&#xDC0; (&#xDB1;&#xDD2;&#xDC0;&#xDB1;&#xDCA; &#xDC3;&#xDD4;&#xDC0; &#xDAF;&#xDD9;&#xDB1; &#xDA2;&#xDD3;&#xDC0;&#xDB1; &#xDB4;&#xDD2;&#xDC5;&#xDD2;&#xDC0;&#xDD9;&#xDAD;)</subfield>
  </datafield>
  <datafield tag="260" ind1=" " ind2=" ">
    <subfield code="a">Colombo</subfield>
    <subfield code="b">S. Godage Saha Sahodarayo</subfield>
    <subfield code="c">2023</subfield>
  </datafield>
  <datafield tag="300" ind1=" " ind2=" ">
    <subfield code="a">352p.,21cm</subfield>
  </datafield>
  <datafield tag="942" ind1=" " ind2=" ">
    <subfield code="n">0</subfield>
    <subfield code="c">BK</subfield>
  </datafield>
  <datafield tag="952" ind1=" " ind2=" ">
    <subfield code="0">0</subfield>
    <subfield code="1">0</subfield>
    <subfield code="4">0</subfield>
    <subfield code="7">0</subfield>
    <subfield code="8">MONO</subfield>
    <subfield code="a">MAIN</subfield>
    <subfield code="b">MAIN</subfield>
    <subfield code="d">2024-01-19</subfield>
    <subfield code="l">0</subfield>
    <subfield code="o">294.3 DIS</subfield>
    <subfield code="p">176439</subfield>
    <subfield code="r">2024-01-19</subfield>
    <subfield code="w">2024-01-19</subfield>
    <subfield code="y">BK</subfield>
  </datafield>
  <datafield tag="999" ind1=" " ind2=" ">
    <subfield code="c">144468</subfield>
    <subfield code="d">144468</subfield>
  </datafield>
</record>
